Devine les animaux avec seulement 2 lettres - Statistiques

Statistiques générales
  • Ce quiz a été pris 698 fois
  • Le résultat moyen est 8 sur 10
Statistiques - réponses
2 Lettres Animaux % Correct
CH Chat
99%
CH Chien
99%
RA Rat
96%
LA Lapin
94%
OI Oiseau
91%
PO Poule
80%
SO Souris
73%
CH Cheval
65%
CA Canard
59%
CO Coq
47%
Aucun quiz correspondant
Distribution des résultats
% des personnes avec chaque résultat
Percentile par nombre de réponses
Votre historique - résultats
Vous n’avez pas pris ce quiz